| 000 | 00483nam a2200157 a 4500 | ||
|---|---|---|---|
| 001 | 000040208 | ||
| 005 | 20201002034001.0 | ||
| 008 | 130815s1957 sp 000 0 spa d | ||
| 040 |
_aDO-SdBNP _bspa _cBNPHU |
||
| 100 | 1 |
_aGállego, Julián _966475 |
|
| 245 | 1 | 0 |
_aMi portera, París y el arte : _bcrónicas imaginarias / _cJulián Gállego. |
| 260 |
_aBarcelona : _bSeix Barral, _c1957. |
||
| 300 |
_a176 p. ; _c20 cm. |
||
| 490 | 1 | _aBiblioteca breve | |
| 830 | 0 |
_aBiblioteca breve _913442 |
|
| 999 |
_c39698 _d39698 |
||